000 00977nam a22003017a 4500
001 8299
003 FISKH
005 20250908152340.0
008 250908b cb ||||| |||| 00| 0 eng d
020 _a078073003501
040 _aFISKH
_beng
_cFISKH
_dFISKH
050 _aTH9148 .H87
082 _a628.925
100 _aHutchings, Amy
245 _aFirehouse dog /
_cby Amy and Richard Hutchings : Photographs by Richard Hutchings
250 _aFirst Scholastic printing, September 1993
260 _aNew York :
_bScholastic,
_c1993.
300 _a32 pages :
_bcolor illustrations ;
_c21 cm .
505 _aG
520 _a"Follow the exciting photographs in the this book and spend a day with a Firehouse Dog!"
521 8 _a420
_bLexile
521 8 _aG
_bRaz-Plus
650 _aCommunity helpers
_vNon-fiction
650 _aFirst responders
_vNon-fiction
700 _aHutchings, Richard
_eIllustrator
942 _2ddc
_cBK
_n0
999 _c8299
_d8299